<?xml version="1.0" encoding="UTF-8"?>
<record
    xmlns:xsi="http://www.w3.org/2001/XMLSchema-instance"
    xsi:schemaLocation="http://www.loc.gov/MARC21/slim http://www.loc.gov/standards/marcxml/schema/MARC21slim.xsd"
    xmlns="http://www.loc.gov/MARC21/slim">

  <leader>00916nam a22002537a 4500</leader>
  <controlfield tag="003">3228</controlfield>
  <controlfield tag="005">20230824150706.0</controlfield>
  <controlfield tag="008">230717b        sa a|||| |||| 00| 1 ZUL d</controlfield>
  <datafield tag="020" ind1=" " ind2=" ">
    <subfield code="a">9781431028696</subfield>
    <subfield code="q">pbk</subfield>
  </datafield>
  <datafield tag="040" ind1=" " ind2=" ">
    <subfield code="a">RDA</subfield>
    <subfield code="c">3228</subfield>
  </datafield>
  <datafield tag="082" ind1=" " ind2=" ">
    <subfield code="2">23</subfield>
    <subfield code="a">ZUL J F KHAW</subfield>
  </datafield>
  <datafield tag="100" ind1=" " ind2=" ">
    <subfield code="a"> Khawula, B.P; Twala, C.N; Tlholoe, D; Tobela, F.F; Mhlungu, N.H; Mazibuko, T.V</subfield>
    <subfield code="9">176899</subfield>
  </datafield>
  <datafield tag="245" ind1=" " ind2=" ">
    <subfield code="a">Thokozani IsiZulu, ngiyazithanda izincwadi, Incwadi yokufunda 4, Ibanga R /</subfield>
  </datafield>
  <datafield tag="260" ind1=" " ind2=" ">
    <subfield code="a">South Africa;</subfield>
    <subfield code="b"> Macmillan Education (Pty) Ltd;</subfield>
    <subfield code="c">2017.</subfield>
  </datafield>
  <datafield tag="300" ind1=" " ind2=" ">
    <subfield code="a">10 pages;</subfield>
    <subfield code="b">colour illustrations;</subfield>
    <subfield code="c">21 cm</subfield>
  </datafield>
  <datafield tag="490" ind1=" " ind2=" ">
    <subfield code="a">Thokozani</subfield>
    <subfield code="v">Incwadi 4</subfield>
  </datafield>
  <datafield tag="521" ind1=" " ind2=" ">
    <subfield code="a">Ibanga R</subfield>
    <subfield code="b">Title of the book</subfield>
  </datafield>
  <datafield tag="650" ind1=" " ind2=" ">
    <subfield code="a"> Thokozani IsiZulu-Series, Juvenile-Fiction </subfield>
    <subfield code="z">South Africa</subfield>
    <subfield code="9">180474</subfield>
  </datafield>
  <datafield tag="700" ind1=" " ind2=" ">
    <subfield code="a">Klintworth, Linda</subfield>
    <subfield code="e">illustrator</subfield>
    <subfield code="9">180480</subfield>
  </datafield>
  <datafield tag="942" ind1=" " ind2=" ">
    <subfield code="2">ddc</subfield>
    <subfield code="c">BOOK</subfield>
    <subfield code="y">174</subfield>
    <subfield code="z">Sanet Schoeman</subfield>
  </datafield>
  <datafield tag="942" ind1=" " ind2=" ">
    <subfield code="2">ddc</subfield>
    <subfield code="c">BOOK</subfield>
  </datafield>
  <datafield tag="942" ind1=" " ind2=" ">
    <subfield code="2">ddc</subfield>
    <subfield code="c">BOOK</subfield>
  </datafield>
  <datafield tag="942" ind1=" " ind2=" ">
    <subfield code="2">ddc</subfield>
    <subfield code="c">BOOK</subfield>
  </datafield>
  <datafield tag="999" ind1=" " ind2=" ">
    <subfield code="c">755449</subfield>
    <subfield code="d">755448</subfield>
  </datafield>
  <datafield tag="952" ind1=" " ind2=" ">
    <subfield code="0">0</subfield>
    <subfield code="1">0</subfield>
    <subfield code="4">0</subfield>
    <subfield code="7">0</subfield>
    <subfield code="a">KOMAL</subfield>
    <subfield code="b">KOMAL</subfield>
    <subfield code="d">2022-06-22</subfield>
    <subfield code="g">51.89</subfield>
    <subfield code="l">0</subfield>
    <subfield code="o">ZUL JF KHAW</subfield>
    <subfield code="p">9781431028696</subfield>
    <subfield code="r">2022-06-22</subfield>
    <subfield code="w">2022-06-22</subfield>
    <subfield code="y">BK</subfield>
    <subfield code="z">NO ACCESSSION</subfield>
  </datafield>
  <datafield tag="952" ind1=" " ind2=" ">
    <subfield code="0">0</subfield>
    <subfield code="1">0</subfield>
    <subfield code="2">ddc</subfield>
    <subfield code="4">0</subfield>
    <subfield code="7">0</subfield>
    <subfield code="8">F</subfield>
    <subfield code="a">MBOMRL</subfield>
    <subfield code="b">MATPL</subfield>
    <subfield code="c">CHILD</subfield>
    <subfield code="d">2022-08-18</subfield>
    <subfield code="g">51.89</subfield>
    <subfield code="o">ZUL KF NGIY</subfield>
    <subfield code="p">33228031126066</subfield>
    <subfield code="r">2022-08-18</subfield>
    <subfield code="w">2022-08-18</subfield>
    <subfield code="y">BOOK</subfield>
  </datafield>
  <datafield tag="952" ind1=" " ind2=" ">
    <subfield code="0">0</subfield>
    <subfield code="1">0</subfield>
    <subfield code="2">ddc</subfield>
    <subfield code="4">0</subfield>
    <subfield code="7">0</subfield>
    <subfield code="8">F</subfield>
    <subfield code="a">STANRL</subfield>
    <subfield code="b">WAKKL</subfield>
    <subfield code="c">CHILD</subfield>
    <subfield code="d">2023-07-17</subfield>
    <subfield code="g">93.00</subfield>
    <subfield code="l">0</subfield>
    <subfield code="o">ZUL J F KHAW</subfield>
    <subfield code="p">33228031013929</subfield>
    <subfield code="r">2023-07-17</subfield>
    <subfield code="w">2023-07-17</subfield>
    <subfield code="y">BOOK</subfield>
  </datafield>
  <datafield tag="952" ind1=" " ind2=" ">
    <subfield code="0">0</subfield>
    <subfield code="1">0</subfield>
    <subfield code="2">ddc</subfield>
    <subfield code="4">0</subfield>
    <subfield code="7">0</subfield>
    <subfield code="8">F</subfield>
    <subfield code="a">STANRL</subfield>
    <subfield code="b">EMIZL</subfield>
    <subfield code="c">GEN</subfield>
    <subfield code="d">2023-08-24</subfield>
    <subfield code="g">93.00</subfield>
    <subfield code="l">0</subfield>
    <subfield code="o">ZUL J F KHAW</subfield>
    <subfield code="p">33228031153787</subfield>
    <subfield code="r">2023-08-24</subfield>
    <subfield code="w">2023-08-24</subfield>
    <subfield code="y">BOOK</subfield>
  </datafield>
  <datafield tag="952" ind1=" " ind2=" ">
    <subfield code="0">0</subfield>
    <subfield code="1">0</subfield>
    <subfield code="2">ddc</subfield>
    <subfield code="4">0</subfield>
    <subfield code="7">0</subfield>
    <subfield code="8">F</subfield>
    <subfield code="a">STANRL</subfield>
    <subfield code="b">EMIZL</subfield>
    <subfield code="c">GEN</subfield>
    <subfield code="d">2023-08-24</subfield>
    <subfield code="g">93.00</subfield>
    <subfield code="l">0</subfield>
    <subfield code="o">ZUL J F KHAW</subfield>
    <subfield code="p">33228031153786</subfield>
    <subfield code="r">2023-08-24</subfield>
    <subfield code="w">2023-08-24</subfield>
    <subfield code="y">BOOK</subfield>
  </datafield>
  <datafield tag="952" ind1=" " ind2=" ">
    <subfield code="0">0</subfield>
    <subfield code="1">0</subfield>
    <subfield code="2">ddc</subfield>
    <subfield code="4">0</subfield>
    <subfield code="7">0</subfield>
    <subfield code="a">MIDDL</subfield>
    <subfield code="b">JEREL</subfield>
    <subfield code="d">2024-04-17</subfield>
    <subfield code="l">0</subfield>
    <subfield code="o">ZUL JF KHAW</subfield>
    <subfield code="p">33228024195305</subfield>
    <subfield code="r">2024-04-17</subfield>
    <subfield code="w">2024-04-17</subfield>
    <subfield code="y">BOOK</subfield>
  </datafield>
  <datafield tag="952" ind1=" " ind2=" ">
    <subfield code="0">0</subfield>
    <subfield code="1">0</subfield>
    <subfield code="2">ddc</subfield>
    <subfield code="4">0</subfield>
    <subfield code="7">0</subfield>
    <subfield code="8">F</subfield>
    <subfield code="a">THANPL</subfield>
    <subfield code="b">THANPL</subfield>
    <subfield code="c">CHILD</subfield>
    <subfield code="d">2025-05-16</subfield>
    <subfield code="g">55.00</subfield>
    <subfield code="l">0</subfield>
    <subfield code="o">ZUL KF KHAW</subfield>
    <subfield code="p">3322803174260</subfield>
    <subfield code="r">2025-05-16</subfield>
    <subfield code="w">2025-05-16</subfield>
    <subfield code="y">BOOK</subfield>
  </datafield>
  <datafield tag="952" ind1=" " ind2=" ">
    <subfield code="0">0</subfield>
    <subfield code="1">0</subfield>
    <subfield code="2">ddc</subfield>
    <subfield code="4">0</subfield>
    <subfield code="7">0</subfield>
    <subfield code="8">F</subfield>
    <subfield code="a">MIDDL</subfield>
    <subfield code="b">MIDDL</subfield>
    <subfield code="c">CHILD</subfield>
    <subfield code="d">2026-03-04</subfield>
    <subfield code="l">1</subfield>
    <subfield code="o"> ZUL J F KHAW</subfield>
    <subfield code="p">33228031148438</subfield>
    <subfield code="r">2026-03-26</subfield>
    <subfield code="s">2026-03-04</subfield>
    <subfield code="v">81.51</subfield>
    <subfield code="w">2026-03-04</subfield>
    <subfield code="y">BOOK</subfield>
  </datafield>
  <datafield tag="952" ind1=" " ind2=" ">
    <subfield code="0">0</subfield>
    <subfield code="1">0</subfield>
    <subfield code="2">ddc</subfield>
    <subfield code="4">0</subfield>
    <subfield code="7">0</subfield>
    <subfield code="8">Nursery </subfield>
    <subfield code="a">MIDDL</subfield>
    <subfield code="b">THUBL</subfield>
    <subfield code="c">CHILD</subfield>
    <subfield code="d">2026-04-14</subfield>
    <subfield code="l">0</subfield>
    <subfield code="o">23 ZUL J F KHAW</subfield>
    <subfield code="p">3322830002781</subfield>
    <subfield code="r">2026-04-14</subfield>
    <subfield code="w">2026-04-14</subfield>
    <subfield code="y">BOOK</subfield>
  </datafield>
  <datafield tag="952" ind1=" " ind2=" ">
    <subfield code="0">0</subfield>
    <subfield code="1">0</subfield>
    <subfield code="2">ddc</subfield>
    <subfield code="4">0</subfield>
    <subfield code="7">0</subfield>
    <subfield code="8">F</subfield>
    <subfield code="a">STANRL</subfield>
    <subfield code="b">amer</subfield>
    <subfield code="c">CHILD</subfield>
    <subfield code="d">2026-06-17</subfield>
    <subfield code="l">0</subfield>
    <subfield code="o">ZUL J F KHAW</subfield>
    <subfield code="p">3228200065558</subfield>
    <subfield code="r">2026-06-17</subfield>
    <subfield code="w">2026-06-17</subfield>
    <subfield code="y">BOOK</subfield>
  </datafield>
  <datafield tag="952" ind1=" " ind2=" ">
    <subfield code="0">0</subfield>
    <subfield code="1">0</subfield>
    <subfield code="2">ddc</subfield>
    <subfield code="4">0</subfield>
    <subfield code="7">0</subfield>
    <subfield code="8">F</subfield>
    <subfield code="a">STANRL</subfield>
    <subfield code="b">BETHL</subfield>
    <subfield code="c">CHILD</subfield>
    <subfield code="d">2026-06-17</subfield>
    <subfield code="l">0</subfield>
    <subfield code="o">ZUL J F KHAW</subfield>
    <subfield code="p">3228200065530</subfield>
    <subfield code="r">2026-06-17</subfield>
    <subfield code="w">2026-06-17</subfield>
    <subfield code="y">BOOK</subfield>
  </datafield>
  <datafield tag="952" ind1=" " ind2=" ">
    <subfield code="0">0</subfield>
    <subfield code="1">0</subfield>
    <subfield code="2">ddc</subfield>
    <subfield code="4">0</subfield>
    <subfield code="7">0</subfield>
    <subfield code="8">F</subfield>
    <subfield code="a">STANRL</subfield>
    <subfield code="b">BALFL</subfield>
    <subfield code="c">CHILD</subfield>
    <subfield code="d">2026-06-17</subfield>
    <subfield code="l">0</subfield>
    <subfield code="o">ZUL J F KHAW</subfield>
    <subfield code="p">3228200065524</subfield>
    <subfield code="r">2026-06-17</subfield>
    <subfield code="w">2026-06-17</subfield>
    <subfield code="y">BOOK</subfield>
  </datafield>
  <datafield tag="952" ind1=" " ind2=" ">
    <subfield code="0">0</subfield>
    <subfield code="1">0</subfield>
    <subfield code="2">ddc</subfield>
    <subfield code="4">0</subfield>
    <subfield code="7">0</subfield>
    <subfield code="8">F</subfield>
    <subfield code="a">STANRL</subfield>
    <subfield code="b">DAGGL</subfield>
    <subfield code="c">CHILD</subfield>
    <subfield code="d">2026-06-17</subfield>
    <subfield code="l">0</subfield>
    <subfield code="o">ZUL J F KHAW</subfield>
    <subfield code="p">3228200065537</subfield>
    <subfield code="r">2026-06-17</subfield>
    <subfield code="w">2026-06-17</subfield>
    <subfield code="y">BOOK</subfield>
  </datafield>
  <datafield tag="952" ind1=" " ind2=" ">
    <subfield code="0">0</subfield>
    <subfield code="1">0</subfield>
    <subfield code="2">ddc</subfield>
    <subfield code="4">0</subfield>
    <subfield code="7">0</subfield>
    <subfield code="8">F</subfield>
    <subfield code="a">STANRL</subfield>
    <subfield code="b">GROOL</subfield>
    <subfield code="c">CHILD</subfield>
    <subfield code="d">2026-06-17</subfield>
    <subfield code="l">0</subfield>
    <subfield code="o">ZUL J F KHAW</subfield>
    <subfield code="p">3228200065529</subfield>
    <subfield code="r">2026-06-17</subfield>
    <subfield code="w">2026-06-17</subfield>
    <subfield code="y">BOOK</subfield>
  </datafield>
  <datafield tag="952" ind1=" " ind2=" ">
    <subfield code="0">0</subfield>
    <subfield code="1">0</subfield>
    <subfield code="2">ddc</subfield>
    <subfield code="4">0</subfield>
    <subfield code="7">0</subfield>
    <subfield code="8">F</subfield>
    <subfield code="a">STANRL</subfield>
    <subfield code="b">EMBAL</subfield>
    <subfield code="d">2026-06-17</subfield>
    <subfield code="l">0</subfield>
    <subfield code="o">ZUL J F KHAW</subfield>
    <subfield code="p">3228200065556</subfield>
    <subfield code="r">2026-06-17</subfield>
    <subfield code="w">2026-06-17</subfield>
    <subfield code="y">BOOK</subfield>
  </datafield>
  <datafield tag="952" ind1=" " ind2=" ">
    <subfield code="0">0</subfield>
    <subfield code="1">0</subfield>
    <subfield code="2">ddc</subfield>
    <subfield code="4">0</subfield>
    <subfield code="7">0</subfield>
    <subfield code="8">F</subfield>
    <subfield code="a">STANRL</subfield>
    <subfield code="b">EMIZL</subfield>
    <subfield code="d">2026-06-17</subfield>
    <subfield code="l">0</subfield>
    <subfield code="o">ZUL J F KHAW</subfield>
    <subfield code="p">3228200065546</subfield>
    <subfield code="r">2026-06-17</subfield>
    <subfield code="w">2026-06-17</subfield>
    <subfield code="y">BOOK</subfield>
  </datafield>
  <datafield tag="952" ind1=" " ind2=" ">
    <subfield code="0">0</subfield>
    <subfield code="1">0</subfield>
    <subfield code="2">ddc</subfield>
    <subfield code="4">0</subfield>
    <subfield code="7">0</subfield>
    <subfield code="8">F</subfield>
    <subfield code="a">STANRL</subfield>
    <subfield code="b">EVANL</subfield>
    <subfield code="d">2026-06-17</subfield>
    <subfield code="l">0</subfield>
    <subfield code="o">ZUL J F KHAW</subfield>
    <subfield code="p">3228200065532</subfield>
    <subfield code="r">2026-06-17</subfield>
    <subfield code="w">2026-06-17</subfield>
    <subfield code="y">BOOK</subfield>
  </datafield>
  <datafield tag="952" ind1=" " ind2=" ">
    <subfield code="0">0</subfield>
    <subfield code="1">0</subfield>
    <subfield code="2">ddc</subfield>
    <subfield code="4">0</subfield>
    <subfield code="7">0</subfield>
    <subfield code="8">F</subfield>
    <subfield code="a">STANRL</subfield>
    <subfield code="b">KINRL</subfield>
    <subfield code="d">2026-06-17</subfield>
    <subfield code="l">0</subfield>
    <subfield code="o">ZUL J F KHAW</subfield>
    <subfield code="p">3228200065547</subfield>
    <subfield code="r">2026-06-17</subfield>
    <subfield code="w">2026-06-17</subfield>
    <subfield code="y">BOOK</subfield>
  </datafield>
  <datafield tag="952" ind1=" " ind2=" ">
    <subfield code="0">0</subfield>
    <subfield code="1">0</subfield>
    <subfield code="2">ddc</subfield>
    <subfield code="4">0</subfield>
    <subfield code="7">0</subfield>
    <subfield code="8">F</subfield>
    <subfield code="a">STANRL</subfield>
    <subfield code="b">Leanl</subfield>
    <subfield code="d">2026-06-17</subfield>
    <subfield code="l">0</subfield>
    <subfield code="o">ZUL J F KHAW</subfield>
    <subfield code="p">3228200065523</subfield>
    <subfield code="r">2026-06-17</subfield>
    <subfield code="w">2026-06-17</subfield>
    <subfield code="y">BOOK</subfield>
  </datafield>
  <datafield tag="952" ind1=" " ind2=" ">
    <subfield code="0">0</subfield>
    <subfield code="1">0</subfield>
    <subfield code="2">ddc</subfield>
    <subfield code="4">0</subfield>
    <subfield code="7">0</subfield>
    <subfield code="8">F</subfield>
    <subfield code="a">STANRL</subfield>
    <subfield code="b">LEBOL</subfield>
    <subfield code="d">2026-06-17</subfield>
    <subfield code="l">0</subfield>
    <subfield code="o">ZUL J F KHAW</subfield>
    <subfield code="p">3228200065531</subfield>
    <subfield code="r">2026-06-17</subfield>
    <subfield code="w">2026-06-17</subfield>
    <subfield code="y">BOOK</subfield>
  </datafield>
  <datafield tag="952" ind1=" " ind2=" ">
    <subfield code="0">0</subfield>
    <subfield code="1">0</subfield>
    <subfield code="2">ddc</subfield>
    <subfield code="4">0</subfield>
    <subfield code="7">0</subfield>
    <subfield code="8">F</subfield>
    <subfield code="a">STANRL</subfield>
    <subfield code="b">MILAL</subfield>
    <subfield code="d">2026-06-17</subfield>
    <subfield code="l">0</subfield>
    <subfield code="o">ZUL J F KHAW</subfield>
    <subfield code="p">3228200065534</subfield>
    <subfield code="r">2026-06-17</subfield>
    <subfield code="w">2026-06-17</subfield>
    <subfield code="y">BOOK</subfield>
  </datafield>
  <datafield tag="952" ind1=" " ind2=" ">
    <subfield code="0">0</subfield>
    <subfield code="1">0</subfield>
    <subfield code="2">ddc</subfield>
    <subfield code="4">0</subfield>
    <subfield code="7">0</subfield>
    <subfield code="8">F</subfield>
    <subfield code="a">STANRL</subfield>
    <subfield code="b">MORGL</subfield>
    <subfield code="d">2026-06-17</subfield>
    <subfield code="l">0</subfield>
    <subfield code="o">ZUL J F KHAW</subfield>
    <subfield code="p">3228200065563</subfield>
    <subfield code="r">2026-06-17</subfield>
    <subfield code="w">2026-06-17</subfield>
    <subfield code="y">BOOK</subfield>
  </datafield>
  <datafield tag="952" ind1=" " ind2=" ">
    <subfield code="0">0</subfield>
    <subfield code="1">0</subfield>
    <subfield code="2">ddc</subfield>
    <subfield code="4">0</subfield>
    <subfield code="7">0</subfield>
    <subfield code="8">F</subfield>
    <subfield code="a">STANRL</subfield>
    <subfield code="b">NTHOL</subfield>
    <subfield code="d">2026-06-17</subfield>
    <subfield code="l">0</subfield>
    <subfield code="o">ZUL J F KHAW</subfield>
    <subfield code="p">3228200065535</subfield>
    <subfield code="r">2026-06-17</subfield>
    <subfield code="w">2026-06-17</subfield>
    <subfield code="y">BOOK</subfield>
  </datafield>
  <datafield tag="952" ind1=" " ind2=" ">
    <subfield code="0">0</subfield>
    <subfield code="1">0</subfield>
    <subfield code="2">ddc</subfield>
    <subfield code="4">0</subfield>
    <subfield code="7">0</subfield>
    <subfield code="8">F</subfield>
    <subfield code="a">STANRL</subfield>
    <subfield code="b">PERD</subfield>
    <subfield code="d">2026-06-17</subfield>
    <subfield code="l">0</subfield>
    <subfield code="o">ZUL J F KHAW</subfield>
    <subfield code="p">3228200065560</subfield>
    <subfield code="r">2026-06-17</subfield>
    <subfield code="w">2026-06-17</subfield>
    <subfield code="y">BOOK</subfield>
  </datafield>
  <datafield tag="952" ind1=" " ind2=" ">
    <subfield code="0">0</subfield>
    <subfield code="1">0</subfield>
    <subfield code="2">ddc</subfield>
    <subfield code="4">0</subfield>
    <subfield code="7">0</subfield>
    <subfield code="8">F</subfield>
    <subfield code="a">STANRL</subfield>
    <subfield code="b">STANL</subfield>
    <subfield code="d">2026-06-17</subfield>
    <subfield code="l">0</subfield>
    <subfield code="o">ZUL J F KHAW</subfield>
    <subfield code="p">3228200065528</subfield>
    <subfield code="r">2026-06-17</subfield>
    <subfield code="w">2026-06-17</subfield>
    <subfield code="y">BOOK</subfield>
  </datafield>
  <datafield tag="952" ind1=" " ind2=" ">
    <subfield code="0">0</subfield>
    <subfield code="1">0</subfield>
    <subfield code="2">ddc</subfield>
    <subfield code="4">0</subfield>
    <subfield code="7">0</subfield>
    <subfield code="8">F</subfield>
    <subfield code="a">STANRL</subfield>
    <subfield code="b">SECL</subfield>
    <subfield code="d">2026-06-17</subfield>
    <subfield code="l">0</subfield>
    <subfield code="o">ZUL J F KHAW</subfield>
    <subfield code="p">3228200065614</subfield>
    <subfield code="r">2026-06-17</subfield>
    <subfield code="w">2026-06-17</subfield>
    <subfield code="y">BOOK</subfield>
  </datafield>
  <datafield tag="952" ind1=" " ind2=" ">
    <subfield code="0">0</subfield>
    <subfield code="1">0</subfield>
    <subfield code="2">ddc</subfield>
    <subfield code="4">0</subfield>
    <subfield code="7">0</subfield>
    <subfield code="8">F</subfield>
    <subfield code="a">STANRL</subfield>
    <subfield code="b">STANDL</subfield>
    <subfield code="d">2026-06-17</subfield>
    <subfield code="l">0</subfield>
    <subfield code="o">ZUL J F KHAW</subfield>
    <subfield code="p">3228200065522</subfield>
    <subfield code="r">2026-06-17</subfield>
    <subfield code="w">2026-06-17</subfield>
    <subfield code="y">BOOK</subfield>
  </datafield>
  <datafield tag="952" ind1=" " ind2=" ">
    <subfield code="0">0</subfield>
    <subfield code="1">0</subfield>
    <subfield code="2">ddc</subfield>
    <subfield code="4">0</subfield>
    <subfield code="7">0</subfield>
    <subfield code="8">F</subfield>
    <subfield code="a">STANRL</subfield>
    <subfield code="b">SAKHL</subfield>
    <subfield code="d">2026-06-17</subfield>
    <subfield code="l">0</subfield>
    <subfield code="o">ZUL J F KHAW</subfield>
    <subfield code="p">3228200065562</subfield>
    <subfield code="r">2026-06-17</subfield>
    <subfield code="w">2026-06-17</subfield>
    <subfield code="y">BOOK</subfield>
  </datafield>
  <datafield tag="952" ind1=" " ind2=" ">
    <subfield code="0">0</subfield>
    <subfield code="1">0</subfield>
    <subfield code="2">ddc</subfield>
    <subfield code="4">0</subfield>
    <subfield code="7">0</subfield>
    <subfield code="8">F</subfield>
    <subfield code="a">STANRL</subfield>
    <subfield code="b">TRICL</subfield>
    <subfield code="d">2026-06-17</subfield>
    <subfield code="l">0</subfield>
    <subfield code="o">ZUL J F KHAW</subfield>
    <subfield code="p">3228200065533</subfield>
    <subfield code="r">2026-06-17</subfield>
    <subfield code="w">2026-06-17</subfield>
    <subfield code="y">BOOK</subfield>
  </datafield>
  <datafield tag="952" ind1=" " ind2=" ">
    <subfield code="0">0</subfield>
    <subfield code="1">0</subfield>
    <subfield code="2">ddc</subfield>
    <subfield code="4">0</subfield>
    <subfield code="7">0</subfield>
    <subfield code="8">F</subfield>
    <subfield code="a">STANRL</subfield>
    <subfield code="b">THISL</subfield>
    <subfield code="d">2026-06-17</subfield>
    <subfield code="l">0</subfield>
    <subfield code="o">ZUL J F KHAW</subfield>
    <subfield code="p">3228200065616</subfield>
    <subfield code="r">2026-06-17</subfield>
    <subfield code="w">2026-06-17</subfield>
    <subfield code="y">BOOK</subfield>
  </datafield>
  <datafield tag="952" ind1=" " ind2=" ">
    <subfield code="0">0</subfield>
    <subfield code="1">0</subfield>
    <subfield code="2">ddc</subfield>
    <subfield code="4">0</subfield>
    <subfield code="7">0</subfield>
    <subfield code="8">F</subfield>
    <subfield code="a">STANRL</subfield>
    <subfield code="b">THUTL</subfield>
    <subfield code="d">2026-06-17</subfield>
    <subfield code="l">0</subfield>
    <subfield code="o">ZUL J F KHAW</subfield>
    <subfield code="p">3228200065561</subfield>
    <subfield code="r">2026-06-17</subfield>
    <subfield code="w">2026-06-17</subfield>
    <subfield code="y">BOOK</subfield>
  </datafield>
  <datafield tag="952" ind1=" " ind2=" ">
    <subfield code="0">0</subfield>
    <subfield code="1">0</subfield>
    <subfield code="2">ddc</subfield>
    <subfield code="4">0</subfield>
    <subfield code="7">0</subfield>
    <subfield code="8">F</subfield>
    <subfield code="a">STANRL</subfield>
    <subfield code="b">WAKKL</subfield>
    <subfield code="d">2026-06-17</subfield>
    <subfield code="l">0</subfield>
    <subfield code="o">ZUL J F KHAW</subfield>
    <subfield code="p">3228200065559</subfield>
    <subfield code="r">2026-06-17</subfield>
    <subfield code="w">2026-06-17</subfield>
    <subfield code="y">BOOK</subfield>
  </datafield>
  <datafield tag="952" ind1=" " ind2=" ">
    <subfield code="0">0</subfield>
    <subfield code="1">0</subfield>
    <subfield code="2">ddc</subfield>
    <subfield code="4">0</subfield>
    <subfield code="7">0</subfield>
    <subfield code="8">F</subfield>
    <subfield code="a">STANRL</subfield>
    <subfield code="b">VUKU</subfield>
    <subfield code="d">2026-06-17</subfield>
    <subfield code="l">0</subfield>
    <subfield code="o">ZUL J F KHAW</subfield>
    <subfield code="p">3228200065525</subfield>
    <subfield code="r">2026-06-17</subfield>
    <subfield code="w">2026-06-17</subfield>
    <subfield code="y">BOOK</subfield>
  </datafield>
  <datafield tag="952" ind1=" " ind2=" ">
    <subfield code="0">0</subfield>
    <subfield code="1">0</subfield>
    <subfield code="2">ddc</subfield>
    <subfield code="4">0</subfield>
    <subfield code="7">0</subfield>
    <subfield code="8">F</subfield>
    <subfield code="a">STANRL</subfield>
    <subfield code="b">VOLKL</subfield>
    <subfield code="d">2026-06-17</subfield>
    <subfield code="l">0</subfield>
    <subfield code="o">ZUL J F KHAW</subfield>
    <subfield code="p">3228200065526</subfield>
    <subfield code="r">2026-06-17</subfield>
    <subfield code="w">2026-06-17</subfield>
    <subfield code="y">BOOK</subfield>
  </datafield>
</record>
